| 000 | 01177nam a2200265 i 4500 | ||
|---|---|---|---|
| 001 | 140790 | ||
| 003 | ES-MaACL | ||
| 005 | 20250905144242.0 | ||
| 007 | t| | ||
| 008 | 070917s1910 sp ||||1| spa d | ||
| 080 | _a821.411.21(460)-82"11" | ||
| 100 | 1 |
_aYehuda ha-Levi. _9117609 |
|
| 245 | 1 | 0 |
_aCuzary _b: diálogo filosófico / _cpor Yehudá Ha-Leví (siglo XII) ; traducido del árabe al hebreo por Yehuda Abentibbon y del hebreo al castellano por Jacob Abendana ; publícalo Adolfo Bonilla San Martín ; con un apéndice de Marcelino Menéndez y Pelayo. |
| 260 |
_aMadrid : _bLibrería General de Victoriano Suárez, _c1910. |
||
| 300 |
_aXXVIII, 561 p. ; _c18 cm. |
||
| 490 | 1 | _aColección de filósofos españoles y extranjeros | |
| 650 | 4 |
_aJudaísmo- _vObras de controversia. _913970 |
|
| 700 | 1 |
_aIbn Tibbon, Yehudah ben Saül, _d1120-1190 _9171475 |
|
| 700 | 1 |
_aAbendana, Jacob, _d1630-1695 _9171474 |
|
| 700 | 1 |
_aBonilla y San Martín, Adolfo, _d1875-1926 _930193 |
|
| 700 | 1 |
_aMenéndez y Pelayo, Marcelino, _d1856-1912 _980332 |
|
| 830 | 1 |
_aColección de filósofos españoles y extranjeros _9184005 |
|
| 852 |
_aES-MaACL _jG-9886 |
||
| 999 |
_c140790 _d140790 |
||